000 01738nam a2200229Ia 4500
001 6620
008 260622s9999 xx 000 0 und d
020 _a9789953891002
245 0 _aوردة لإميلي و قصص أخرى/
_cوليام فولكنر. مترجم: سامر أبو هواش
260 _bدار الآداب، بيروت؛ كلمة، أبو ظبي؛
_c2009
300 _a470p;
_c22x14cm
505 _aOriginal title: Vintage International Collected Stories of William Faulkner. A Rose for Emily and other Stories. By William Faulkner. Translated by Samer Abu Hawash ------This collection offers a fascinating glimpse into Faulkner's exploration of Southern life, cultural tensions, and human resilience, making it an essential read for literature enthusiasts.
520 _aI. THE COUNTRY- الأرياف Barn Burning- إحراق حظيرة Shingles for the Lord- سقف جديد للربّ The Tall Men- الرجال الطوال A Bear Hunt- صيد دبّ Two Soldiers- جنديّان Shall Not Perish- لن نفنى II. THE VILLAGE- القرية A Rose for Emily- وردة لإميلي Hair- شعر Centaur in Brass- قنطور من نحاس Dry September- سبتمبر جاف Death Drag- لعبة الموت Elly- إلّي Uncle Willy- العمّ ويلي Mule in the Yard- بغل في الفناء That Will Be Fine- سيكون هذا حسنا That Evening Sun- شمس ذاك الغروب
546 _aArabic
650 _aPJ7501-8517 Arabic literature
650 _aTranslated works
_99466
651 _aUSA
655 _aFiction رواية
_99467
700 _aAbu Hawash, Samer سامر أبو هواش
_99468
700 _aFaulkner, William وليم فوكنر
_99469
942 _cBK
999 _c6620
_d6620